Friends Quotes - Statistics

General Stats
  • This quiz has been taken 4,281 times
  • The average score is 11 of 15
Answer Stats
Quote Person % Correct
We were on a break. Ross
100%
How you doin'? Joey
99%
I'm dating a guy whose pool I once peed in Monica
97%
Oh, I know, this must be so hard. "Oh no, two women love me. They're both gorgeous and sexy. My wallet's too small for my fifties AND MY DIAMOND SHOES ARE TOO TIGHT. Chandler
91%
Oh... my... God Janice
91%
If you want to receive e-mails about my upcoming shows, then please give me money so I can buy a computer. Phoebe
84%
Oh. Well, there you go. Phew. That's great. That is really really great news. You know because the whole not being ready and financial aspects, all that stuff. This all just the way is supposed to be. Rachel
83%
Phoebe, I love you. I mean... I missed you so much these past few months, and I thought we were apart for a good reason, but then... I suddenly realized that... there was no reason good enough to keep me from spending the rest of my life with you. Mike
81%
That's a lot of information to get in thirty seconds. All right, Joey, if you wanna leave, just leave. Rachel, no, you weren't supposed to put peas in the trifle. It did not taste good. Phoebe, I'm sorry, but I think Jacques Cousteau is dead. Monica, why you felt you had to hide the fact that you had an important relationship is beyond me. Judy
78%
Hey buddy, this is a family place. Put the mouse back in the house. Gunther
77%
Ok, how about this? If you guys die, and the crazy plate lady dies then do I get the baby? Amy
69%
That's right. The I Hate Rachel Green Club. Will
55%
Thank you Daddy! Ben
47%
I know, I hate that. (Referring to Chandler who just said he was a good guy) Richard
26%
Great. Uhh, just tell her her husband stopped by. Duncan
23%
No matching quizzes found
Score Distribution
Percent of People with Each Score
Percentile by Number Answered
Your Score History
You have not taken this quiz